Morceau de drapeau (Zoom) - Statistiques

Statistiques générales
  • Ce quiz a été pris 28 fois
  • Le résultat moyen est 11 sur 12
Statistiques - réponses
Par images Réponse % Correct
Bosnie-Herzégovine
100%
Brésil
100%
Chypre
100%
Colombie
100%
Etats-Unis
100%
République démocratique du Congo
100%
Belize
96%
Taiwan
87%
Panama
83%
Trinité-et-Tobago
78%
Tuvalu
78%
Zambie
74%
Aucun quiz correspondant
Distribution des résultats
% des personnes avec chaque résultat
Percentile par nombre de réponses
Votre historique - résultats
Vous n’avez pas pris ce quiz